[Event "CYCC U10"]
[Site "Calgary CAN"]
[Date "2023.07.20"]
[Round "4.162"]
[White "Zhu, Elber"]
[Black "Yao, Lucas"]
[Result "1/2-1/2"]
[WhiteElo "1815"]
[BlackElo "1419"]
[PlyCount "75"]
[EventDate "2023.07.19"]
[EventType "swiss"]
[EventRounds "7"]
[EventCountry "CAN"]

1. e4 e5 2. Nf3 Nc6 3. Bc4 Bc5 4. O-O Nf6 5. d4 Bxd4 6. Nxd4 Nxd4 7. Bg5 h6 8.
Bh4 O-O 9. f4 d6 10. fxe5 dxe5 11. Bxf6 gxf6 12. Qh5 Kg7 13. Na3 Qe7 14. c3 Ne6
15. Bxe6 Bxe6 16. Rf3 Rg8 17. Raf1 Kh7 18. Rxf6 Rg6 19. Rxg6 fxg6 20. Qxe5 Re8
21. Nc2 Bxa2 22. Qxe7+ Rxe7 23. Ra1 Bc4 24. Rxa7 Bd3 25. Nd4 Rf7 26. Nf3 Bxe4
27. Kf2 Kg7 28. Ke3 Bc6 29. b4 Kf6 30. c4 Bxf3 31. gxf3 b6 32. b5 Ke6 33. c5
Rf5 34. Rxc7 Rxc5 35. Rxc5 bxc5 36. f4 Kd5 37. h4 h5 38. Kd3 1/2-1/2

[Event "CYCC U10"]
[Site "Calgary CAN"]
[Date "2023.07.20"]
[Round "4.163"]
[White "Zhu, Edison"]
[Black "Ramesan, Raunak Amit"]
[Result "1/2-1/2"]
[WhiteElo "1501"]
[BlackElo "1287"]
[PlyCount "59"]
[EventDate "2023.07.19"]
[EventType "swiss"]
[EventRounds "7"]
[EventCountry "CAN"]

1. e4 e5 2. Nf3 Nc6 3. Bc4 Bc5 4. O-O Nf6 5. d4 Nxd4 6. Nxe5 O-O 7. c3 Nc6 8.
Nxc6 dxc6 9. Qxd8 Rxd8 10. b4 Bb6 11. a4 a5 12. Bg5 h6 13. Bxf6 gxf6 14. Kh1
axb4 15. f4 bxc3 16. Nxc3 Bd4 17. Rf3 Bxc3 18. Rxc3 Rxa4 19. Re1 b5 20. Bb3 Ra6
21. f5 Bb7 22. Rg3+ Kf8 23. Rh3 Ra3 24. e5 fxe5 25. f6 c5 26. Rxh6 Kg8 27. Rg6+
Kf8 28. Rh6 Kg8 29. Rg6+ Kf8 30. Rh6 1/2-1/2

[Event "CYCC U10"]
[Site "Calgary CAN"]
[Date "2023.07.20"]
[Round "4.164"]
[White "Zhang, Kai Zhongkai"]
[Black "Yu, Zongyan"]
[Result "1-0"]
[WhiteElo "1341"]
[BlackElo "1493"]
[PlyCount "97"]
[EventDate "2023.07.19"]
[EventType "swiss"]
[EventRounds "7"]
[EventCountry "CAN"]

1. e4 c6 2. d4 d5 3. Nc3 dxe4 4. Nxe4 Bf5 5. Ng3 Bg6 6. Nf3 Nf6 7. Bd3 e6 8.
O-O Bxd3 9. Qxd3 Bd6 10. Bg5 Nbd7 11. Ne4 Be7 12. Bxf6 Nxf6 13. Nxf6+ Bxf6 14.
c3 O-O 15. Rad1 Qb6 16. Qc2 Rad8 17. Nd2 Be7 18. Qb3 Qc7 19. Ne4 Kh8 20. Rfe1
b6 21. Rd3 c5 22. Qc4 Qd7 23. a4 f5 24. Nd2 Rf6 25. Nf3 Bd6 26. Red1 Qe7 27.
dxc5 bxc5 28. Ne5 Qc7 29. Qa6 Be7 30. Rxd8+ Bxd8 31. Qxa7 Rf8 32. Qxc7 Bxc7 33.
Nc4 Kg8 34. Kf1 Ra8 35. a5 Bxa5 36. Ra1 Kf7 37. Rxa5 Rxa5 38. Nxa5 Ke7 39. Nb7
c4 40. Na5 Kd6 41. Nxc4+ Kd5 42. Ne3+ Ke5 43. b4 f4 44. Nc2 g5 45. b5 h5 46. b6
Kd6 47. Nd4 e5 48. Nf3 g4 49. Nxe5 1-0

[Event "CYCC U10"]
[Site "Calgary CAN"]
[Date "2023.07.20"]
[Round "4.165"]
[White "Vu, Huy Minh"]
[Black "Bi, William"]
[Result "0-1"]
[WhiteElo "1273"]
[BlackElo "1470"]
[PlyCount "71"]
[EventDate "2023.07.19"]
[EventType "swiss"]
[EventRounds "7"]
[EventCountry "CAN"]

1. e4 e5 2. Nf3 Nc6 3. d4 exd4 4. Bc4 Nf6 5. e5 d5 6. exf6 dxc4 7. Qe2+ Be6 8.
fxg7 Bxg7 9. Ng5 Qf6 10. Na3 O-O-O 11. Nxe6 Rhe8 12. O-O Qxe6 13. Qxe6+ Rxe6
14. Nxc4 Re2 15. Nd2 d3 16. c3 Bh6 17. Rd1 Rde8 18. Kf1 Ne5 19. h3 Bxd2 20.
Bxd2 Nc4 21. Be3 Nxe3+ 22. fxe3 R2xe3 23. Rd2 Re2 24. Rad1 b6 25. b3 R8e3 26.
a4 Rxd2 27. Rxd2 f5 28. Kg1 f4 29. Kh2 Kd7 30. Rf2 c5 31. c4 Ke6 32. Rd2 Ke5
33. Kg1 Kd4 34. Rd1 Kc3 35. Rb1 d2 36. Kf2 0-1

[Event "CYCC U10"]
[Site "Calgary CAN"]
[Date "2023.07.20"]
[Round "4.166"]
[White "Dunikov, David"]
[Black "Wu, Bowen"]
[Result "0-1"]
[WhiteElo "1454"]
[BlackElo "1417"]
[PlyCount "126"]
[EventDate "2023.07.19"]
[EventType "swiss"]
[EventRounds "7"]
[EventCountry "CAN"]

1. Nf3 d5 2. c4 c6 3. b3 Bg4 4. Ne5 Bf5 5. Bb2 f6 6. Nf3 e5 7. d3 d4 8. g3 Nd7
9. Bg2 Bd6 10. O-O Ne7 11. e3 dxe3 12. fxe3 O-O 13. d4 Qc7 14. c5 Nxc5 15. dxc5
Bxc5 16. Qe2 Nd5 17. Nd4 exd4 18. Bxd5+ cxd5 19. Rxf5 dxe3 20. Rxd5 Rad8 21.
Nc3 Rxd5 22. Nxd5 Qc6 23. Nxe3 Re8 24. Bc1 Qe6 25. Kf2 Qf5+ 26. Ke1 Qe5 27. g4
Bxe3 28. Bxe3 Qxa1+ 29. Kf2 Qe5 30. Qc4+ Qe6 31. Qxe6+ Rxe6 32. Bxa7 Rc6 33.
Bd4 Rc2+ 34. Kg1 Kf7 35. h4 Ke6 36. a4 Kd5 37. Bb6 Rb2 38. Bd8 Rxb3 39. a5 Rg3+
40. Kf2 Rxg4 41. h5 Rh4 42. Kg3 Rxh5 43. Kg4 Re5 44. Kf4 h5 45. Kg3 g5 46. Bxf6
Re3+ 47. Kf2 Re5 48. Kf3 Rf5+ 49. Ke3 Rxf6 50. a6 Rf3+ 51. Kxf3 bxa6 52. Ke3 h4
53. Ke2 h3 54. Ke3 h2 55. Kd3 h1=Q 56. Ke3 Qe4+ 57. Kd2 Qf3 58. Kc2 g4 59. Kd2
g3 60. Kc2 g2 61. Kd2 g1=R 62. Kc2 Rg2+ 63. Kc1 Qf1# 0-1

[Event "CYCC U10"]
[Site "Calgary CAN"]
[Date "2023.07.20"]
[Round "4.167"]
[White "Kovalivskyi, Danylo"]
[Black "Villamar, Flyn"]
[Result "0-1"]
[WhiteElo "1277"]
[BlackElo "984"]
[PlyCount "82"]
[EventDate "2023.07.19"]
[EventType "swiss"]
[EventRounds "7"]
[EventCountry "CAN"]

1. e4 c6 2. d4 d5 3. Nc3 dxe4 4. Nxe4 Nf6 5. Nxf6+ exf6 6. Be2 Bf5 7. Nf3 Bd6
8. Bd3 Bxd3 9. Qxd3 Nd7 10. O-O Qc7 11. Re1+ Be7 12. Bd2 Nb6 13. Re4 O-O-O 14.
Rae1 Bd6 15. c4 c5 16. d5 g5 17. Kh1 h5 18. a3 g4 19. Nh4 Be5 20. Bc3 Nd7 21.
g3 Bxc3 22. Qxc3 Ne5 23. f4 gxf3 24. Nxf3 Ng4 25. Kg2 Qd6 26. b4 f5 27. Rf4
cxb4 28. axb4 h4 29. Ne5 hxg3 30. h3 Rxh3 31. Rxf5 Rh2+ 32. Kxg3 Qh6 33. Qd3
Nxe5 34. Rfxe5 Rh3+ 35. Kg4 Rxd3 36. Rh5 Rg8+ 37. Kf5 Qxh5+ 38. Ke4 Qf3+ 39.
Ke5 Re8+ 40. Kd6 Qf6+ 41. Kc5 Qb6# 0-1

[Event "CYCC U10"]
[Site "Calgary CAN"]
[Date "2023.07.20"]
[Round "4.168"]
[White "Yin, Andrew"]
[Black "Xu, Ryan"]
[Result "0-1"]
[WhiteElo "1171"]
[BlackElo "1909"]
[PlyCount "82"]
[EventDate "2023.07.19"]
[EventType "swiss"]
[EventRounds "7"]
[EventCountry "CAN"]

1. e4 c5 2. Nc3 d6 3. f4 g6 4. Nf3 Bg7 5. Bb5+ Bd7 6. Bc4 e6 7. O-O Ne7 8. d3
Nbc6 9. Bd2 O-O 10. Qe1 Re8 11. Qh4 Nd4 12. f5 gxf5 13. Qh5 f6 14. Bh6 Rf8 15.
Bxg7 Kxg7 16. Nxd4 cxd4 17. Ne2 Qe8 18. Qh3 fxe4 19. Nf4 e5 20. Nh5+ Kh8 21.
Qh4 Nf5 22. Qg4 Qg6 23. Qxg6 hxg6 24. g4 Ne3 25. Rxf6 gxh5 26. Rh6+ Kg7 27.
Rxh5 Nxc4 28. dxc4 d3 29. cxd3 exd3 30. Rd1 e4 31. Rd5 Rf6 32. Rd4 Bxg4 33. Rd2
Bf3 34. b4 Re8 35. a4 e3 36. Ra2 e2 37. Rxe2 dxe2 38. Re4 Bxe4 39. h4 e1=Q+ 40.
Kh2 Qf2+ 41. Kh3 Qg2# 0-1

[Event "CYCC U10"]
[Site "Calgary CAN"]
[Date "2023.07.20"]
[Round "4.169"]
[White "Zhang, Jasper"]
[Black "Mutyalapati, Modith Aaroh"]
[Result "1/2-1/2"]
[WhiteElo "1051"]
[BlackElo "1581"]
[PlyCount "63"]
[EventDate "2023.07.19"]
[EventType "swiss"]
[EventRounds "7"]
[EventCountry "CAN"]

1. d4 d5 2. Nf3 Nf6 3. b3 c6 4. Bb2 g6 5. e3 Bg7 6. Nbd2 O-O 7. Be2 Bg4 8. Ne5
Bxe2 9. Qxe2 Nbd7 10. O-O Qc7 11. f4 e6 12. Ba3 Rfe8 13. c4 a6 14. Rac1 Rad8
15. g4 h5 16. g5 Nh7 17. cxd5 Nxe5 18. d6 Qa5 19. fxe5 Qxa3 20. Nc4 Qb4 21. h4
c5 22. Qf3 Rd7 23. Qe4 Nf8 24. Rf4 cxd4 25. exd4 Qb5 26. Qf3 Nh7 27. a4 Qb4 28.
Rf1 Rf8 29. Qh3 b5 30. d5 Qc5+ 31. R1f2 Qxd5 32. Nb6 1/2-1/2

[Event "CYCC U10"]
[Site "Calgary CAN"]
[Date "2023.07.20"]
[Round "4.170"]
[White "Wang, Lucas"]
[Black "Yang, Larry"]
[Result "0-1"]
[WhiteElo "1472"]
[BlackElo "1170"]
[PlyCount "134"]
[EventDate "2023.07.19"]
[EventType "swiss"]
[EventRounds "7"]
[EventCountry "CAN"]

1. d4 Nf6 2. Bf4 d5 3. e3 Bf5 4. Nf3 e6 5. Be2 Be7 6. O-O O-O 7. c4 c5 8. Nc3
Nc6 9. Rc1 Rc8 10. Qb3 Qd7 11. cxd5 exd5 12. Bg5 Rfd8 13. Rfd1 c4 14. Qa4 a6
15. Re1 b5 16. Qd1 Ne4 17. Bxe7 Qxe7 18. Nxe4 Bxe4 19. Qd2 Rb8 20. b3 Rdc8 21.
Qb2 Qc7 22. Nd2 Bf5 23. Bf3 Nb4 24. Be2 c3 25. Qa1 Nc2 26. Rxc2 Bxc2 27. Nf3
Rb6 28. Ne5 f6 29. Nf3 Be4 30. Rc1 Rc6 31. h3 Qa5 32. Ne1 Qa3 33. Nc2 Qb2 34.
Nb4 Qxe2 35. Nxc6 Rxc6 36. Rxc3 Rxc3 37. Qxc3 Qxa2 38. Qc6 h6 39. f3 Bg6 40. e4
Qa1+ 41. Kh2 Qxd4 42. exd5 Qe5+ 43. Kg1 Be8 44. Qa8 Qe3+ 45. Kh2 Qe5+ 46. Kg1
Kf7 47. Qd8 Qe1+ 48. Kh2 Qe5+ 49. Kg1 Qe7 50. Qb8 Qe1+ 51. Kh2 Qe5+ 52. Qxe5
fxe5 53. Kg3 a5 54. Kf2 a4 55. Ke2 a3 56. Kd2 a2 57. Kc3 a1=Q+ 58. Kb4 Qd4+ 59.
Ka5 Ke7 60. f4 e4 61. f5 e3 62. f6+ gxf6 63. g4 e2 64. h4 e1=Q+ 65. Ka6 Qea1+
66. Kb7 Qaa7+ 67. Kc8 Qdc5# 0-1

[Event "CYCC U10"]
[Site "Calgary CAN"]
[Date "2023.07.20"]
[Round "4.171"]
[White "Pan, Julian"]
[Black "Li, Ryan"]
[Result "1-0"]
[WhiteElo "990"]
[BlackElo "1443"]
[PlyCount "87"]
[EventDate "2023.07.19"]
[EventType "swiss"]
[EventRounds "7"]
[EventCountry "CAN"]

1. e4 e5 2. Nf3 Nf6 3. Nc3 Bc5 4. Bc4 Nxe4 5. Nxe4 d5 6. Nxc5 dxc4 7. Qe2 O-O
8. O-O Bg4 9. h3 Bh5 10. g4 Bg6 11. Qxc4 e4 12. Ne5 Kh8 13. Nxb7 Qh4 14. Kh2 f5
15. Nxg6+ hxg6 16. gxf5 Qf4+ 17. Kh1 Qf3+ 18. Kh2 Rxf5 19. Qc3 Qh5 20. Qg3 Rf3
21. Qg4 Qb5 22. Qxe4 Qh5 23. Qg4 Qe5+ 24. Kg1 Rf5 25. f4 Qd4+ 26. Kh2 Nc6 27.
Qxg6 Rf6 28. Qh5+ Rh6 29. Qf3 Rb8 30. c3 Qb6 31. d4 Qxb7 32. b4 Qc8 33. f5 Rf6
34. Bg5 Rd6 35. f6 Nd8 36. fxg7+ Kxg7 37. Qf8+ Kh7 38. Qe7+ Kg6 39. Rf6+ Rxf6
40. Qxf6+ Kh7 41. Qh6+ Kg8 42. Bxd8 Rb6 43. Rg1+ Kf7 44. Rg7+ 1-0

[Event "CYCC U10"]
[Site "Calgary CAN"]
[Date "2023.07.20"]
[Round "4.172"]
[White "Liu, Zipei"]
[Black "Wu, Yihang"]
[Result "1-0"]
[WhiteElo "1364"]
[BlackElo "989"]
[PlyCount "53"]
[EventDate "2023.07.19"]
[EventType "swiss"]
[EventRounds "7"]
[EventCountry "CAN"]

1. d4 Nf6 2. c4 g6 3. Nc3 Bg7 4. e4 d6 5. f4 Nbd7 6. Nf3 c5 7. d5 e6 8. dxe6
fxe6 9. Qxd6 Qe7 10. Qxe7+ Kxe7 11. e5 Ne8 12. Be3 b6 13. Be2 Bb7 14. O-O-O Nc7
15. Rd2 Rad8 16. f5 Nxe5 17. Rf1 Rxd2 18. Bxd2 exf5 19. Bf4 Nxf3 20. Bxf3 Bxf3
21. Rxf3 Ne6 22. Nd5+ Kf7 23. Be3 Rd8 24. g4 b5 25. gxf5 gxf5 26. Rxf5+ Kg6 27.
Ne7# 1-0

[Event "CYCC U10"]
[Site "Calgary CAN"]
[Date "2023.07.20"]
[Round "4.173"]
[White "Nguyen, Dennis"]
[Black "Chua, Zachary"]
[Result "0-1"]
[WhiteElo "984"]
[BlackElo "1355"]
[PlyCount "68"]
[EventDate "2023.07.19"]
[EventType "swiss"]
[EventRounds "7"]
[EventCountry "CAN"]

1. e4 c5 2. Nf3 d6 3. d4 cxd4 4. Nxd4 Nf6 5. Nc3 Nc6 6. Bb5 Bd7 7. O-O e6 8.
Bg5 Be7 9. Bxf6 Bxf6 10. Nxc6 bxc6 11. Be2 O-O 12. Qxd6 Rb8 13. Qa3 Qc7 14.
Rab1 Be5 15. g3 Bd6 16. Qa6 Bc8 17. Qd3 Rd8 18. Qe3 Bd7 19. b3 Re8 20. Rbd1
Rbd8 21. Qd2 Bc8 22. Qe3 Kh8 23. Rfe1 Qe7 24. Bd3 Bc5 25. Qf4 Bb4 26. Qe5 f6
27. Qf4 Bxc3 28. Re3 Bd4 29. Re2 e5 30. Qd2 Bg4 31. Ree1 Bxd1 32. Rxd1 f5 33.
exf5 e4 34. Re1 e3 0-1

[Event "CYCC U10"]
[Site "Calgary CAN"]
[Date "2023.07.20"]
[Round "4.175"]
[White "Law, Jesse"]
[Black "Yavorskyi, Yevhen"]
[Result "0-1"]
[WhiteElo "978"]
[BlackElo "1329"]
[PlyCount "88"]
[EventDate "2023.07.19"]
[EventType "swiss"]
[EventRounds "7"]
[EventCountry "CAN"]

1. e4 c5 2. Nf3 d6 3. c3 Nf6 4. d3 g6 5. Bg5 Bg7 6. Nbd2 O-O 7. Be2 Nc6 8. Qc2
a6 9. O-O-O b5 10. Bxf6 Bxf6 11. h4 b4 12. c4 Qa5 13. b3 Qa3+ 14. Kb1 Bd7 15.
h5 Nd4 16. Nxd4 Bxd4 17. f4 e6 18. g4 a5 19. f5 a4 20. Qc1 axb3 21. Qxa3 Rxa3
22. Nxb3 Ba4 23. Nxd4 Bxd1 24. Bxd1 cxd4 25. Bb3 exf5 26. exf5 g5 27. Kc2 Re8
28. Kd2 f6 29. Rh3 Ra7 30. Rh2 h6 31. Rg2 Rae7 32. Bd1 Re3 33. Re2 Rxe2+ 34.
Bxe2 Ra8 35. Bd1 Rxa2+ 36. Ke1 Rb2 37. Kf1 b3 38. Ke1 Kf8 39. Bf3 Rb1+ 40. Kd2
b2 41. Kc2 Rf1 42. Kxb2 Rxf3 43. Kb3 Rxd3+ 44. Kb4 Rc3 0-1

[Event "CYCC U10"]
[Site "Calgary CAN"]
[Date "2023.07.20"]
[Round "4.176"]
[White "Yin, Aiden"]
[Black "Kola, Venkata Saket Reddy"]
[Result "1/2-1/2"]
[WhiteElo "1300"]
[BlackElo "973"]
[PlyCount "131"]
[EventDate "2023.07.19"]
[EventType "swiss"]
[EventRounds "7"]
[EventCountry "CAN"]

1. e4 c5 2. Nc3 e6 3. f4 d5 4. Nf3 d4 5. Bb5+ Bd7 6. Bxd7+ Qxd7 7. Ne2 d3 8.
Ne5 dxe2 9. Qxe2 Qc7 10. O-O Bd6 11. Qf3 Nf6 12. Nc4 Be7 13. b3 O-O 14. Bb2
Nbd7 15. e5 Nd5 16. Qg3 f6 17. Qg4 f5 18. Qg3 Rad8 19. Nd6 N7b6 20. c4 Bxd6 21.
exd6 Rxd6 22. cxd5 Rxd5 23. d3 Rf7 24. Rfe1 Qd7 25. Re3 Rd6 26. Rae1 Nd5 27.
R3e2 Nb4 28. Rd1 Rxd3 29. Rxd3 Qxd3 30. Qxd3 Nxd3 31. Be5 Nxe5 32. Rxe5 Rd7 33.
Rxc5 Rd1+ 34. Kf2 Rd2+ 35. Kf3 Rxa2 36. Rc8+ Kf7 37. Rc7+ Kf6 38. Rxb7 a5 39.
h3 h5 40. g4 hxg4+ 41. hxg4 fxg4+ 42. Kxg4 Rb2 43. Rb5 a4 44. bxa4 Rg2+ 45. Kf3
Ra2 46. Ra5 Ra1 47. Ra8 Kf5 48. a5 Ra3+ 49. Ke2 Kxf4 50. a6 g5 51. a7 Ke5 52.
Kf2 g4 53. Kg2 Ke4 54. Kf2 e5 55. Kg2 Ke3 56. Kg3 Ra4 57. Re8 Rxa7 58. Rxe5+
Kd4 59. Rg5 Ke4 60. Rxg4+ Ke3 61. Rg8 Ra1 62. Re8+ Kd4 63. Re2 Rf1 64. Rf2 Rg1+
65. Rg2 Rxg2+ 66. Kxg2 1/2-1/2

[Event "CYCC U10"]
[Site "Calgary CAN"]
[Date "2023.07.20"]
[Round "4.177"]
[White "Lu, Samuel"]
[Black "Dembla, Shabd"]
[Result "0-1"]
[WhiteElo "969"]
[BlackElo "1274"]
[PlyCount "114"]
[EventDate "2023.07.19"]
[EventType "swiss"]
[EventRounds "7"]
[EventCountry "CAN"]

1. e4 c5 2. Nf3 d6 3. Bc4 Nf6 4. d3 Bg4 5. h3 Bxf3 6. Qxf3 g6 7. O-O Bg7 8. Nc3
O-O 9. Be3 Nc6 10. Qe2 e6 11. Bb3 Re8 12. Rad1 Nd7 13. f4 Qa5 14. Qd2 Kh8 15.
Rb1 f5 16. Bf2 Bd4 17. Qe1 b5 18. Ne2 Qxe1 19. Rfxe1 Bxf2+ 20. Kxf2 fxe4 21.
Ng1 exd3 22. cxd3 Nd4 23. Bd1 Rf8 24. g3 e5 25. Ne2 Nxe2 26. Bxe2 exf4 27. g4
Rae8 28. d4 c4 29. Bf3 Nb6 30. Rxe8 Rxe8 31. Bc6 Re3 32. Kg2 b4 33. Bf3 Rd3 34.
h4 Rxd4 35. Rd1 Rxd1 36. Bxd1 Nd5 37. Bf3 Ne3+ 38. Kf2 Kg7 39. g5 d5 40. Be2 c3
41. Bd3 c2 42. Bxc2 Nxc2 43. Kf3 Kf7 44. Kxf4 Ke6 45. b3 a5 46. Kg4 d4 47. h5
d3 48. Kf3 gxh5 49. g6 hxg6 50. Kf2 h4 51. Kf3 h3 52. Kf2 h2 53. Kg2 d2 54.
Kxh2 d1=Q 55. a4 Qg4 56. Kh1 Ne1 57. Kh2 Qg2# 0-1

[Event "CYCC U10"]
[Site "Calgary CAN"]
[Date "2023.07.20"]
[Round "4.178"]
[White "Radic, Marko"]
[Black "Dave, Jashank"]
[Result "0-1"]
[WhiteElo "766"]
[BlackElo "1265"]
[PlyCount "48"]
[EventDate "2023.07.19"]
[EventType "swiss"]
[EventRounds "7"]
[EventCountry "CAN"]

1. e4 e5 2. f4 d5 3. exd5 exf4 4. Nf3 Bg4 5. Bc4 Bd6 6. O-O Ne7 7. d4 O-O 8.
Bd3 Nxd5 9. c4 Ne3 10. Bxe3 fxe3 11. Nc3 c6 12. Qe1 Bf4 13. Qh4 Qxh4 14. Nxh4
Bg5 15. Nf3 Bxf3 16. Rxf3 Bf6 17. Ne2 Re8 18. Raf1 Nd7 19. Rf4 c5 20. b3 cxd4
21. Nxd4 Be5 22. Re4 Nc5 23. Rh4 Nxd3 24. Nf3 e2 0-1

[Event "CYCC U10"]
[Site "Calgary CAN"]
[Date "2023.07.20"]
[Round "4.180"]
[White "Fung, Ryan"]
[Black "Wu, Freddie"]
[Result "1-0"]
[WhiteElo "1096"]
[BlackElo "1337"]
[PlyCount "42"]
[EventDate "2023.07.19"]
[EventType "swiss"]
[EventRounds "7"]
[EventCountry "CAN"]

1. e4 e5 2. Nf3 Nc6 3. Bb5 Nf6 4. O-O Bc5 5. Bxc6 bxc6 6. Nxe5 Nxe4 7. Re1 f5
8. d3 Bxf2+ 9. Kf1 Bxe1 10. Qxe1 Qf6 11. Bf4 Ng5 12. Ng4+ Qe7 13. Qxe7+ Kxe7
14. Bxg5+ Ke6 15. Ne3 d5 16. Nd2 h6 17. Bf4 Rb8 18. b3 d4 19. Nec4 Kd7 20. Ne5+
Ke6 21. Nxc6 Rb6 {illisible} 1-0

[Event "CYCC U10"]
[Site "Calgary CAN"]
[Date "2023.07.20"]
[Round "4.181"]
[White "Liu, William"]
[Black "Vigneshwaran, Vidyuth"]
[Result "1-0"]
[WhiteElo "750"]
[BlackElo "1072"]
[PlyCount "75"]
[EventDate "2023.07.19"]
[EventType "swiss"]
[EventRounds "7"]
[EventCountry "CAN"]

1. Nf3 d5 2. c4 dxc4 3. e3 Nc6 4. Bxc4 Bf5 5. Nc3 Nb4 6. Qa4+ Nc6 7. Ne5 Nh6 8.
e4 Bd7 9. Nxc6 Bxc6 10. Qb3 e6 11. d3 Bc5 12. O-O O-O 13. Be3 Bd6 14. Ne2 Qh4
15. g3 Qg4 16. Nf4 Kh8 17. f3 Qg5 18. Kh1 Rfe8 19. Qc3 a6 20. Rg1 Bd7 21. h4
Qe7 22. Nh5 Rg8 23. Bxh6 f6 24. Be3 f5 25. exf5 Rgf8 26. fxe6 Rxf3 27. Bg5 Qf8
28. Bh6 Rf6 29. Nxf6 Qxf6 30. Qxf6 gxf6 31. exd7 Rd8 32. Rge1 Be5 33. d4 Rxd7
34. dxe5 fxe5 35. Rxe5 Rd8 36. Rae1 Rc8 37. Re8+ Rxe8 38. Rxe8# 1-0

[Event "CYCC U10"]
[Site "Calgary CAN"]
[Date "2023.07.20"]
[Round "4.182"]
[White "Zhang, Eric"]
[Black "Bhaumik, Rishi"]
[Result "1-0"]
[WhiteElo "468"]
[BlackElo "995"]
[PlyCount "165"]
[EventDate "2023.07.19"]
[EventType "swiss"]
[EventRounds "7"]
[EventCountry "CAN"]

1. e4 e5 2. Nf3 Nc6 3. c3 Nf6 4. d4 exd4 5. e5 Nd5 6. cxd4 Bb4+ 7. Bd2 d6 8.
exd6 Bxd6 9. Qc2 Bg4 10. Bb5 Nde7 11. d5 a6 12. Nd4 axb5 13. dxc6 b6 14. Nxb5
Ng6 15. Qe4+ Be6 16. Nxd6+ Qxd6 17. Bb4 Ra4 18. a3 Qf4 19. Qxf4 Nxf4 20. O-O
Nd3 21. Nc3 Nxb2 22. Nxa4 Nxa4 23. Rfe1 Kd8 24. Rad1+ Kc8 25. Rc1 Nb2 26. Re3
Rd8 27. Bc3 Na4 28. Bxg7 Bc4 29. Re4 Bb5 30. Bf6 Rg8 31. Rb4 Rg6 32. Rxb5 Rxf6
33. Rb4 Nc5 34. Re1 Rxc6 35. f3 Nd3 36. Re8+ Kb7 37. Rb1 Rf6 38. a4 Rf5 39. Rb5
Nc5 40. a5 Ka6 41. Rb1 Ne6 42. axb6 cxb6 43. Ra8+ Kb7 44. Raa1 Rg5 45. Rb4 Rg6
46. Rg4 Rh6 47. Raa4 Rh5 48. Rh4 Rf5 49. Rxh7 Nc5 50. Rg4 Nd7 51. Rgg7 Ne5 52.
Rh4 Ng6 53. Re4 Kc6 54. Rc4+ Kd6 55. Rg8 b5 56. Rd8+ Ke7 57. Rcd4 Nf8 58. R8d5
Rf6 59. Re4+ Ne6 60. Rxb5 Kf8 61. Rb8+ Kg7 62. Rg4+ Kh7 63. Rb5 Kh6 64. Rh4+
Kg7 65. Rbb4 Nf8 66. Rbf4 Re6 67. Rhg4+ Ng6 68. h4 Kh6 69. Rf5 Rd6 70. h5 Nh8
71. Rg8 Kh7 72. Rfg5 Re6 73. R8g7+ Kh6 74. Rg4 Rd6 75. Kh2 Re6 76. Rg8 Kh7 77.
h6 Rxh6+ 78. Kg3 Re6 79. R8g5 Kh6 80. f4 Ng6 81. f5 f6 82. Rxg6+ Kh7 83. Rh4#
1-0

[Event "CYCC U10"]
[Site "Calgary CAN"]
[Date "2023.07.20"]
[Round "4.184"]
[White "Surendran, Siddharth"]
[Black "Syed, Farhaan"]
[Result "1-0"]
[WhiteElo "961"]
[BlackElo "794"]
[PlyCount "95"]
[EventDate "2023.07.19"]
[EventType "swiss"]
[EventRounds "7"]
[EventCountry "CAN"]

1. e4 c5 2. d4 cxd4 3. c3 dxc3 4. Nxc3 Nc6 5. Nf3 e5 6. Bc4 Be7 7. O-O h6 8.
Qe2 Nf6 9. Rd1 Bc5 10. Be3 Bb4 11. Bd2 O-O 12. Nd5 Bxd2 13. Rxd2 d6 14. h3 Nxd5
15. Bxd5 Qf6 16. Rad1 Rd8 17. Qc4 Qg6 18. Bxc6 bxc6 19. Nxe5 Qe6 20. Qxe6 fxe6
21. Rxd6 Rxd6 22. Rxd6 Rb8 23. Rd8+ Kh7 24. Nxc6 Ra8 25. Nxa7 Bb7 26. Rxa8 Bxa8
27. f3 Kg6 28. b4 Kf6 29. b5 Ke7 30. a4 Kd6 31. b6 Kc5 32. a5 Bb7 33. Kf2 Kb4
34. Nc6+ Bxc6 35. a6 Kb5 36. b7 Kxa6 37. b8=Q Bb7 38. Qg8 g5 39. Qxe6+ Ka7 40.
Qxh6 g4 41. fxg4 Bxe4 42. Qe3+ Kb8 43. Qxe4 Kc8 44. Qe7 Kb8 45. g5 Kc8 46. g6
Kb8 47. g7 Kc8 48. g8=R# 1-0

[Event "CYCC U10"]
[Site "Calgary CAN"]
[Date "2023.07.20"]
[Round "4.187"]
[White "Sheng, Jack"]
[Black "Li, Markus"]
[Result "1-0"]
[WhiteElo "890"]
[BlackElo "725"]
[PlyCount "51"]
[EventDate "2023.07.19"]
[EventType "swiss"]
[EventRounds "7"]
[EventCountry "CAN"]

1. e4 e5 2. Nf3 Nc6 3. Bc4 Bc5 4. c3 h6 5. d4 exd4 6. cxd4 Bb4+ 7. Nc3 d6 8. h3
Nf6 9. d5 Ne5 10. Nxe5 dxe5 11. Qa4+ Bd7 12. Qxb4 b6 13. Qb3 O-O 14. O-O c6 15.
d6 Qb8 16. Qd1 Ne8 17. f4 Kh8 18. fxe5 b5 19. Bxf7 Nf6 20. exf6 Rxf7 21. e5
gxf6 22. Rxf6 Rg7 23. Bxh6 Rg8 24. Qh5 Be8 25. Bg7+ Kxg7 26. Qh6# 1-0

[Event "CYCC U10"]
[Site "Calgary CAN"]
[Date "2023.07.20"]
[Round "4.189"]
[White "Moses, Niam"]
[Black "Tsukerman, Leon"]
[Result "1-0"]
[WhiteElo "860"]
[BlackElo "661"]
[PlyCount "57"]
[EventDate "2023.07.19"]
[EventType "swiss"]
[EventRounds "7"]
[EventCountry "CAN"]

1. e4 c5 2. Nf3 Nc6 3. Bb5 g6 4. c3 Bg7 5. O-O a6 6. Bxc6 dxc6 7. d4 cxd4 8.
Nxd4 e6 9. Nf3 Qxd1 10. Rxd1 Ne7 11. Bg5 b5 12. Nbd2 Bb7 13. Nb3 h6 14. Bxe7
Kxe7 15. Nc5 Bc8 16. Nd4 Kd6 17. b4 Rd8 18. e5+ Bxe5 19. Nf3+ Ke7 20. Nxe5
Rxd1+ 21. Rxd1 Kf6 22. Ng4+ Kg5 23. h3 f5 24. Ne3 f4 25. Ne4+ Kh4 26. g3+ fxg3
27. fxg3+ Kxh3 28. Rd2 e5 29. Rh2# 1-0

[Event "CYCC U10"]
[Site "Calgary CAN"]
[Date "2023.07.20"]
[Round "4.190"]
[White "Vallabhajosyula, Srikarthikeya"]
[Black "Nguyen, Gia Minh"]
[Result "1/2-1/2"]
[WhiteElo "837"]
[BlackElo "658"]
[PlyCount "88"]
[EventDate "2023.07.19"]
[EventType "swiss"]
[EventRounds "7"]
[EventCountry "CAN"]

1. e4 e5 2. Nf3 Nc6 3. Bc4 h6 4. Nc3 Nf6 5. O-O Bc5 6. d3 O-O 7. Be3 Bxe3 8.
fxe3 d6 9. h3 a6 10. a3 b5 11. Ba2 Be6 12. d4 exd4 13. exd4 Bxa2 14. Rxa2 Re8
15. Re1 b4 16. axb4 Nxb4 17. Ra4 c5 18. dxc5 dxc5 19. Qxd8 Rexd8 20. Re2 Nh5
21. Rd2 Rxd2 22. Nxd2 Nxc2 23. Nb5 Rd8 24. Rxa6 Rxd2 25. b3 Re2 26. Ra2 Nd4 27.
Rxe2 Nxe2+ 28. Kf2 Nef4 29. Kf3 Kf8 30. g4 Ke7 31. gxh5 Nxh5 32. Ke3 Ke6 33.
Kd3 Ke5 34. Kc4 Kxe4 35. Nd6+ Kf3 36. Kxc5 Kg3 37. b4 Kxh3 38. b5 g5 39. b6 g4
40. b7 g3 41. b8=Q g2 42. Qc8+ Kh2 43. Qg4 g1=Q+ 44. Qxg1+ Kxg1 1/2-1/2

[Event "CYCC U10"]
[Site "Calgary CAN"]
[Date "2023.07.20"]
[Round "4.194"]
[White "Delgashev, Victor"]
[Black "Kwok, Jayden"]
[Result "1-0"]
[WhiteElo "673"]
[BlackElo "757"]
[PlyCount "147"]
[EventDate "2023.07.19"]
[EventType "swiss"]
[EventRounds "7"]
[EventCountry "CAN"]

1. d4 Nf6 2. Bf4 d5 3. e3 Bf5 4. c3 Nc6 5. Nf3 a6 6. Nbd2 e6 7. Be2 Bd6 8. Bg3
Bxg3 9. hxg3 Qd7 10. Ne5 Nxe5 11. dxe5 Ne4 12. Nxe4 Bxe4 13. f3 Bg6 14. Bd3
Bxd3 15. Qxd3 h6 16. e4 dxe4 17. Qxe4 O-O-O 18. Qe3 Kb8 19. O-O Qd2 20. Qxd2
Rxd2 21. b4 Rc2 22. Rfc1 Rxc1+ 23. Rxc1 Rd8 24. Kf1 Rd2 25. a4 Rb2 26. f4 Kc8
27. a5 b6 28. axb6 cxb6 29. Ra1 Kb7 30. Rc1 Kc6 31. Kg1 Kb5 32. Kh2 Kc4 33. Rd1
Kxc3 34. Rd7 Kxb4 35. Rxf7 a5 36. Rxg7 a4 37. Rb7 Ka5 38. Ra7+ Kb4 39. Re7 a3
40. Rxe6 a2 41. Rxb6+ Kc3 42. Rc6+ Kd2 43. Ra6 Kc1 44. e6 Kb1 45. e7 Rb8 46. f5
Rb7 47. e8=Q a1=Q 48. Rxa1+ Kxa1 49. Qa4+ Kb2 50. f6 Rf7 51. Kh3 Kc1 52. Kh4
Kd2 53. Kh5 Ke1 54. Kg6 Rc7 55. f7 Rxf7 56. Kxf7 Kf2 57. g4 Kg3 58. Qc6 Kxg4
59. Qxh6 Kf5 60. g4+ Kxg4 61. Qe3 Kf5 62. Ke7 Kg4 63. Qe5 Kf3 64. Qd4 Kg3 65.
Qe4 Kf2 66. Qd3 Ke1 67. Qc2 Kf1 68. Qd2 Kg1 69. Qe2 Kh1 70. Kf6 Kg1 71. Kg5 Kh1
72. Kf4 Kg1 73. Kf3 Kh1 74. Qg2# 1-0